Statystyki dla Rozpoznaj Rasę Psa po Zdjęciu

Kliknij tutaj aby rozwiązać quiz!

Ogólne statystyki

  • Ten quiz został rozwiązany 776 razy
  • Średni wynik to 11 z 20

Statystyki odpowiedzi

Odpowiedź% Poprawnych
Owczarek Niemiecki
98%
Jamnik
87%
Dalmatyńczyk
82%
Mops
79%
Bulldog Angielski
77%
Husky Syberyjski
77%
Labrador Retriever
73%
Pudel Duży
72%
Beagle
62%
Shiba Inu
58%
Chow Chow
54%
Welsh Corgi Pembroke
52%
Akita
49%
Rottweiler
36%
Cocker Spaniel
35%
Jack Russell Terrier
31%
Collie
26%
Terrier Szkocki
17%
Mastif Angielski
15%
Nowofundland
13%

Rozkład punktacji

Percentyl według liczby udzielonych odpowiedzi

Procent ludzi z każdym wynikiem

Twoja historia wyników

Nie rozwiązałeś tego quizu